| 000 | 00479nam a2200169Ia 4500 | ||
|---|---|---|---|
| 008 | 230718s9999 xx 000 0 und d | ||
| 020 | _a9788173719233 | ||
| 041 | _aeng | ||
| 082 |
_a006.7'8 _bBAH |
||
| 100 |
_aBahga A. _9197237 |
||
| 245 |
_aCloud Computing _bA Hands-on Approach |
||
| 260 |
_c2014 _bUniversities Press |
||
| 300 | _a454 | ||
| 365 |
_cRs. _b500.00 |
||
| 700 |
_aBahga A. & Madisetti V. _9197238 |
||
| 906 |
_dO:0444404-Feb-2015B:IN 169329-Oct-2014 _cCOMP _b100 |
||
| 999 |
_c339182 _d339182 |
||